000 03752cam a22012494i 4500
003 PE-LiUPU
005 20250813185601.0
008 150706s r 000 0 d
020 _a9788436259186
035 _a(Sirsi) i9788436259186
040 _aPE-LiUPU
_bspa
_cPE-LiUPU
_erda
049 _aPRUA
082 0 4 _a370
_bG25
_221
100 1 _aGarcía Aretio, Lorenzo,
_eautor.
245 1 0 _aClaves para la educación :
_bactores, agentes y escenarios en la sociedad actual /
_cLorenzo García Aretio, Marta Ruiz Corvbella y Miriam García Blanco .
264 1 _aMadrid :
_bUNED : Narcea,
_c2009 .
300 _a340 páginas :
_bilustraciones
300 _c24 centímetros
336 _atext
_2rdacontent
337 _aunmediated
_2rdamedia
338 _avolume
_2rdacarrier
490 0 _aObras básicas UNED
504 _aIncluye bibliografía.
505 0 _aLa educación como realidad -- Principios pedagógicos de la acción educativa -- .La educación como proceso -. La educación como interacción entre agentes y actores -- Los agentes de la educación y el proceso de su profesionalización -- Los actores de la educación -- Los escenarios de la educación -- La función social de la educación -- Fines y valores en la educación -- Acción educativa- Acción pedagógica -- El conocimiento científico de la educación: la pedagogía como ciencia de la Educación -- Educación y sociedad del conocimiento -- El compromiso de Europa por la educación -- La educación a la distancia.
526 _aP202
526 _aP201
526 _aP163
526 _aP162
526 _aP161
526 _aP160
526 _aP148
526 _aP147
526 _aP146
526 _aP145
526 _aP144
526 _aP143
526 _aP142
526 _aP141
526 _aP140
526 _aP139
526 _aP138
526 _aP137
526 _aP136
526 _aP135
526 _aP134
526 _aP133
526 _aP129
526 _aP128
526 _aP127
526 _aP120
526 _aP119
526 _aP118
526 _aP116
526 _aP115
526 _aP114
526 _aP110
526 _aP109
526 _aP108
526 _aP104
526 _aP103
526 _aP102
526 _aP99
526 _aP98
526 _aP97
526 _aP96
526 _aP95
526 _aP93
526 _aP90
526 _aP89
526 _aP88
526 _aP83
526 _aP82
526 _aP62
526 _aP59
526 _aP58
526 _aP57
526 _aP51
526 _aP49
526 _aP48
526 _aP47
526 _aP29
526 _aP24
526 _aP20
526 _aP19
526 _aP17
526 _aP15
526 _aP14
526 _aP12
526 _aP10
526 _aP09
526 _aP08
526 _aP07
526 _aP06
526 _aP05
526 _aP04
526 _aP01
650 0 4 _aEducación
_xPedagogía
_vManuales.
700 1 _aGarcía Blanco, Miriam,
_eed.
700 1 _aRuiz Corbella, Marta,
_eed.
910 _agl
_bjv
_cng
_d20110216
942 _2ddc
_cBOOK
949 _aPGE 370 G25
_wDEWEY
_c1
_i62617
_lCCODEBUL1
_mBUL
_p39.00
_r0
_sY
_tBOOK
_u2015-7-6
_xEDUCACION
_PP57
_0COMPRA
_o.CIRCNOTE. No olvidar cambiar la fecha de devolución!!!!!!!
_o.STAFF. Colección General
994 _aC0
_bPEPRU
596 _a1
999 _aPGE 370 G25
_wDEWEY
_c51724
_i62617
_d51724
_f2021-11-8
_g5
_lCCODEBUL1
_mBUL
_p39.00
_q2
_r0
_sY
_tBOOK
_u2015-7-6
_xEDUCACION
_PP57
_0COMPRA
_o.CIRCNOTE. No olvidar cambiar la fecha de devolución!!!!!!!
_o.STAFF. Colección General
980 _81
_gALBERTO SANCHEZ Responsable de Automatización